[Event "XVIII MIEDZYNARODOWY FESTIWAL SZACHOWY PERLA BALTYKU - GRUPA A (FIDE min. 1700)"]
[Site "LAZY"]
[Date "1899-12-30"]
[Round "9.11"]
[White "Kotowicz, Kamil"]
[Black "Pijewski, Milosz"]
[Result "1-0"]
[WhiteTitle "I"]
[BlackTitle "II"]
[WhiteElo "1770"]
[BlackElo "1496"]

1. d4 Nf6 2. Nf3 e6 3. Bf4 c5 4. c3 Qb6 5. Qb3 Nc6 6. e3 d5 7. Qxb6 axb6 8. Na3
Be7 9. h3 O-O 10. Bd3 c4 11. Be2 Ne4 12. Nc2 b5 13. a3 Na5 14. O-O Nb3 15. Rad1
f6 16. Na1 Na5 17. Nd2 Nxd2 18. Rxd2 Bd7 19. Bf3 Bc6 20. Re1 f5 21. Bd1 b6 22.
f3 Nb7 23. Nc2 Bd6 24. Bxd6 Nxd6 25. Nb4 Bb7 26. Bc2 Rae8 27. Rf2 Rf6 28. Ref1
Ref8 29. Kh2 h5 30. h4 Kh7 31. g4 g6 32. gxh5 gxh5 33. Rg1 Rg6 34. Rxg6 Kxg6 35.
Rg2+ Kh6 36. Na2 Ne8 37. Nc1 Nf6 38. Ne2 Bc6 39. Nf4 Bd7 40. Rg6+ Kh7 41. Rg5
Kh6 42. Kg3 Rf7 43. Nh3 Nh7 44. Rg8 Rg7+ 45. Rxg7 Kxg7 46. Kf4 Kf6 47. e4 Nf8
48. exd5 exd5 49. Kg3 Ng6 50. Bd1 f4+ 51. Nxf4 Nxf4 52. Kxf4 Bc6 53. Bc2 Bd7 54.
Bb1 Bc8 55. Bh7 Be6 56. Bc2 Bd7 57. Bd1 Be8 58. Kg3 Kf5 59. f4 Kf6 60. Be2 Kf5
61. Bd1 Kf6 62. Bc2 Bd7 63. Bd1 Be8 64. Bf3 Bf7 65. Bg2 Be6 66. Bf1 Bd7 67. Be2
Be8 68. Bd1 Kf5 69. Bc2+ Kf6 70. f5 Bc6 71. Kf4 Bd7 72. Bd1 Be8 73. Be2 1-0

[Event "XVIII MIEDZYNARODOWY FESTIWAL SZACHOWY PERLA BALTYKU - GRUPA A (FIDE min. 1700)"]
[Site "LAZY"]
[Date "1899-12-30"]
[Round "9.12"]
[White "Lecki, Leonard"]
[Black "Makhynia, Kostiantyn"]
[Result "1/2-1/2"]
[WhiteTitle "II+"]
[BlackTitle "II"]
[WhiteElo "1658"]
[BlackElo "1717"]

1. e4 c5 2. Nf3 Nc6 3. d4 cxd4 4. Nxd4 Nf6 5. Nc3 e5 6. Ndb5 d6 7. a4 a6 8. Na3
Be6 9. Bc4 Be7 10. Bg5 O-O 11. Bxf6 Bxf6 12. O-O Rc8 13. Qe2 Nd4 14. Qd3 Bxc4
15. Nxc4 Nxc2 16. Qxc2 Rxc4 17. Qb3 Qc7 18. a5 Rb8 19. Rac1 Qc6 20. Rcd1 b5 21.
Nd5 Bd8 22. Qe3 Qc5 23. b4 Qxe3 24. fxe3 Kf8 25. Rc1 Rbc8 26. Rxc4 Rxc4 27. Kf2
Ke8 28. Kf3 Kd7 29. Ra1 Ke6 30. Rd1 g6 31. g4 Bh4 32. Kg2 Rc2+ 33. Kh3 Bd8 34.
Kg3 Rc4 35. Kf3 h6 36. Rd3 Bh4 37. Rc3 Rxc3 38. Nxc3 Kd7 39. Nd5 Kc6 40. Ke2 f5
41. gxf5 gxf5 42. Kd3 Bg5 43. Nc3 f4 44. exf4 exf4 45. Ke2 Bf6 46. Nd5 Bb2 47.
Nxf4 Bf6 48. Nd5 Be5 49. Kf3 Bb2 50. Ke3 Bc3 51. Ke2 Be1 1/2-1/2

[Event "XVIII MIEDZYNARODOWY FESTIWAL SZACHOWY PERLA BALTYKU - GRUPA A (FIDE min. 1700)"]
[Site "LAZY"]
[Date "1899-12-30"]
[Round "9.13"]
[White "Merecki, Antoni"]
[Black "Krasniewski, Maciej"]
[Result "1/2-1/2"]
[WhiteTitle "II"]
[BlackTitle "I"]
[WhiteElo "1543"]
[BlackElo "1737"]

1. e4 c5 2. c3 Nf6 3. e5 Nd5 4. d4 cxd4 5. cxd4 e6 6. Nf3 b6 7. Bd3 Bb7 8. Nc3
Nxc3 9. bxc3 d6 10. O-O Nd7 11. Bf4 Qc7 12. exd6 Bxd6 13. Bxd6 Qxd6 14. Nd2 Rc8
15. Rc1 O-O 16. Re1 Nf6 17. Re3 g6 18. Rg3 Nh5 19. Rg5 Nf4 20. Be4 Ba6 21. Bf3
Nd3 22. Rc2 f5 23. Be2 e5 24. Nf3 e4 25. Ne5 Nxe5 26. Bxa6 Rc7 27. Qe2 Nf7 28.
Bc4 Qf6 29. Rg3 f4 30. Rh3 Kg7 31. Bxf7 Rcxf7 32. Rc1 f3 33. Qe3 fxg2 34. Rc2
Qf5 35. Rg3 Qb5 36. Kxg2 Rf4 37. c4 Qb1 38. Re2 Rf3 39. Qg5 Qd3 40. Qe5+ R8f6
41. Rb2 Qc3 42. Re2 Rxg3+ 43. Qxg3 Qxc4 44. Rxe4 1/2-1/2

[Event "XVIII MIEDZYNARODOWY FESTIWAL SZACHOWY PERLA BALTYKU - GRUPA A (FIDE min. 1700)"]
[Site "LAZY"]
[Date "1899-12-30"]
[Round "9.14"]
[White "Sliz, Karol"]
[Black "Goral, Jan"]
[Result "1-0"]
[WhiteTitle "II+"]
[BlackTitle "I"]
[WhiteElo "1615"]
[BlackElo "1700"]

1. e4 c5 2. Nf3 d6 3. d4 cxd4 4. Nxd4 Nf6 5. Nc3 g6 6. Be3 Bg7 7. f3 O-O 8. Qd2
Nc6 9. Bc4 Nxd4 10. Bxd4 Qa5 11. O-O-O Be6 12. Bxe6 fxe6 13. Kb1 Rac8 14. h4 Rc4
15. Qg5 b5 16. h5 e5 17. Be3 Rxc3 18. bxc3 gxh5 19. g4 hxg4 20. Rdf1 Qxc3 21.
Bd2 Qc4 22. Rhg1 Rc8 23. Rc1 Qe6 24. Qe3 Rc4 25. Rcf1 d5 26. exd5 Nxd5 27. Qg5
Nc3+ 28. Bxc3 Rxc3 29. Rxg4 Qf6 30. Rfg1 Rxf3 31. Qxg7+ Qxg7 32. Rxg7+ Kf8 33.
Rxh7 1-0

[Event "XVIII MIEDZYNARODOWY FESTIWAL SZACHOWY PERLA BALTYKU - GRUPA A (FIDE min. 1700)"]
[Site "LAZY"]
[Date "1899-12-30"]
[Round "9.15"]
[White "Dylong, Antoni"]
[Black "Stepinski, Piotr"]
[Result "1/2-1/2"]
[WhiteTitle "I"]
[BlackTitle "I"]
[WhiteElo "1576"]
[BlackElo "1697"]

1. d4 Nf6 2. c4 g6 3. Nc3 d5 4. Bg5 Ne4 5. Nxe4 dxe4 6. e3 Bg7 7. Qd2 h5 8. h4
Qd7 9. Bf4 e5 10. Bxe5 Bxe5 11. dxe5 Qxd2+ 12. Kxd2 Nc6 13. Ne2 Nxe5 14. Ng3 Bf5
15. Nxf5 gxf5 16. Be2 O-O-O 17. Kc2 Rhg8 18. g3 Ng4 1/2-1/2

[Event "XVIII MIEDZYNARODOWY FESTIWAL SZACHOWY PERLA BALTYKU - GRUPA A (FIDE min. 1700)"]
[Site "LAZY"]
[Date "1899-12-30"]
[Round "9.16"]
[White "Lonski, Aleksander"]
[Black "Kusiak, Mateusz"]
[Result "1/2-1/2"]
[WhiteTitle "II"]
[BlackTitle "I+"]
[WhiteElo "1517"]
[BlackElo "1693"]

1. e4 c5 2. c4 g6 3. g3 Bg7 4. Bg2 Nc6 5. Ne2 a6 6. Nbc3 e6 7. O-O Nge7 8. d3 O-O
9. Rb1 Rb8 10. Be3 d6 11. a4 Nb4 12. d4 cxd4 13. Bxd4 Bh6 14. Bf6 Qc7 15. b3 Nec6
16. f4 Bg7 17. Bxg7 Kxg7 18. Kh1 Rd8 19. Qd2 f6 20. Rfc1 Qe7 1/2-1/2

[Event "XVIII MIEDZYNARODOWY FESTIWAL SZACHOWY PERLA BALTYKU - GRUPA A (FIDE min. 1700)"]
[Site "LAZY"]
[Date "1899-12-30"]
[Round "9.17"]
[White "Przybylski, Bartosz"]
[Black "Galeziewski, Olaf"]
[Result "1/2-1/2"]
[WhiteTitle "I"]
[BlackTitle "II+"]
[WhiteElo "1679"]
[BlackElo "1633"]

1. c4 Nf6 2. d4 g6 3. Nc3 Bg7 4. g3 O-O 5. Bg2 d6 6. e4 Nc6 7. h3 e5 8. d5 Nd4
9. Nge2 Nxe2 10. Nxe2 Nh5 11. g4 Nf4 12. Nxf4 exf4 13. Bxf4 Bxb2 14. Rb1 Qf6 15.
Bh6 Re8 16. O-O Qh4 1/2-1/2

[Event "XVIII MIEDZYNARODOWY FESTIWAL SZACHOWY PERLA BALTYKU - GRUPA A (FIDE min. 1700)"]
[Site "LAZY"]
[Date "1899-12-30"]
[Round "9.18"]
[White "Grobelny, Mikolaj"]
[Black "Laszewicz, Pawel"]
[Result "0-1"]
[WhiteTitle "I"]
[BlackTitle "k"]
[WhiteElo "1490"]
[BlackElo "2075"]

1. e4 c5 2. Nf3 e6 3. c4 Nc6 4. Nc3 Nf6 5. Be2 Be7 6. O-O d5 7. exd5 exd5 8. d4
dxc4 9. d5 Na5 10. Bxc4 Nxc4 11. Qa4+ Qd7 12. Qxc4 O-O 13. Rd1 Bd6 14. Nb5 Re8
15. Be3 Re4 16. Qf1 b6 17. Nc3 Re8 18. Qb5 Qxb5 19. Nxb5 Rd8 20. Nc3 h6 21. Rd2
Bf5 22. Rad1 Rd7 23. Ne1 Rad8 24. f4 Ng4 25. Re2 Nxe3 26. Rxe3 c4 27. Kf1 a6 28.
a4 Bg4 29. Nf3 f5 30. g3 Bc5 31. Rde1 Bxe3 32. Rxe3 Bxf3 0-1